| 000 | 00000cas 2200000zi 4500 |
| 001 | 9.501447 |
| 003 | CaOODSP |
| 005 | 20210507160750 |
| 007 | cr ||||||||||| |
| 008 | 150406c1993||||xxc|| p o||||f| |0fre|d |
| 040 | |aCaOODSP|bfre |
| 043 | |an-cn--- |
| 086 | 1 |aCW71-2F-PDF |
| 110 | 2 |aService canadien de la faune.|eauteur, |eorganisme de publication. |
| 245 | 10|aTendances chez les oiseaux : |brésultats des études ornithologiques nationales et régionales au Canada / |cédition et production: Judith Kennedy. |
| 260 | |aOttawa, Ontario : |bEnvironnement Canada. |
| 310 | |aAnnuel |
| 336 | |atexte|btxt|2rdacontent/fre |
| 337 | |ainformatique|bc|2rdamedia/fre |
| 338 | |aressource en ligne|bcr|2rdacarrier/fre |
| 362 | 1 |a[N° 1, 199?]-- |
| 500 | |aVariante dans le sous-titre. |
| 520 | 3 |a«Tendances chez les oiseaux a pour objet de fournir: des commentaires aux bénévoles de relevés ornithologiques; des informations sur les tendances des populations d'oiseaux au Canada; une liste de projet ornithologiques faisant appel aux bénévoles du Canada»--Couverture arrière. |
| 700 | 1 |aKennedy, Judith,|d1961- |eéditeur. |
| 775 | 08|tBird trends : |w(CaOODSP)9.505048 |
| 776 | 0#|tTendances chez les oiseaux : |w(CaOODSP)9.512641 |